Statistiche per Riconosci il film - n°5

Clicka qui per fare il quiz!

Statistiche generali

  • Questo quiz è stato fatto 21 volte
  • Il punteggio medio è 10 su 20

Statistiche sulle risposte

RegistaAnnoCastFilm% Corretto
James Cameron1997Kate Winslet, Leonardo DiCaprio, Billy Zane, Gloria StuartTitanic
100%
Quentin Tarantino1994John Travolta, Samuel L. Jackson, Uma Thurman, Bruce WIllisPulp Fiction
76%
Jerry Zucker1990Patrick Swayze, Demi Moore, Whoopi Goldberg, Tony GoldwynGhost - Fantasma
67%
Catherine Hardwicke2008Kristen Stewart, Robert Pattinson, Taylor Lautner, Nikki ReedTwilight
67%
Martin Scorsese1976Robert De Niro, Jodie Foster, Harvey Keitel, Albert BrooksTaxi Driver
62%
Christopher Nolan2006Christian Bale, Hugh Jackman, Michael Caine, Scarlett JohanssonThe Prestige
62%
Peter Weir1998Jim Carrey, Ed Harris, Laura Linney, Holland TaylorThe Truman Show
62%
Ridley Scott2023Joaquin Phoenix, Vanessa Kirby, Tahar Rahim, Ben MilesNapoleon
57%
McG2000Cameron Diaz, Drew Barrymore, Lucy Liu, Bill MurrayCharlie’s Angels
52%
Emile Ardolino
1992
Whoopi Goldberg, Maggie Smith, Harvey Keitel, Bill NunnSister Act - Una svitata in abito da suora
52%
Kenneth Branagh2022Kenneth Branagh, Tom Bateman, Gal Gadot, Armie HammerAssassinio sul Nilo
43%
Edward Zwick2006Leonardo DiCaprio, Jennifer Connelly, Djimon Hounsou, Arnold VoslooBlood Diamond - Diamanti di sangue
43%
Danny Boyle e
Loveleen Tandan
2008Dev Patel, Freida Pinto, Madhur Mittal, Anil KapoorThe Millionaire
43%
David Frankel2003Owen Wilson, Jennifer Aniston, Eric Dane, Kathleen TurnerIo e Marley
38%
Robert Luketic2005Jennifer Lopez, Jane Fonda, Michael Vartan, Wanda SykesQuel mostro di suocera
38%
Burr Steers2009Zac Efron, Matthew Perry, Leslie Mann, Thomas Lennon17 Again - Ritorno al liceo
29%
Edward Zwick2010Anne Hathaway, Jake Gyllenhaal, Judy Greer, Gabriel MachtAmore e altri rimedi
29%
Vittorio De Sica1960Sophia Loren, Jean-Paul Belmondo, Eleonora Brown, Carlo NinchiLa ciociara
29%
Shekhar Kapur1998Cate Blanchett, Geoffrey Rush, Christopher Eccleston, Joseph FiennesElizabeth
24%
Neil Burger2014Shailene Woodley, Theo James, Ansel Elgort, Zoë Kravitz, Miles TellerDivergent
19%

Distribuzione punteggi

Percentile per numero di risposta

Percentuale di utenti per punteggio

I tuoi punteggi nel tempo

Non hai fatto questo quiz